[Event "Oberwart op"]
[Site "Oberwart"]
[Date "2011.07.10"]
[Round "2"]
[White "Koch, Ewald"]
[Black "Wolfram, Dominik"]
[Result "1-0"]
[WhiteElo "2005"]
[BlackElo "2173"]
[PlyCount "131"]
[EventDate "2011.07.09"]
[EventType "swiss"]
[EventRounds "9"]
[EventCountry "AUT"]
[SourceTitle "CBM 143 Extra"]
[Source "ChessBase"]
[SourceDate "2011.08.29"]
[SourceVersion "1"]
[SourceVersionDate "2011.08.29"]
[SourceQuality "1"]

1. e4 c5 2. Nf3 Nc6 3. d4 cxd4 4. Nxd4 g6 5. Be3 Bg7 6. Bc4 Nf6 7. Nc3 0-0 8. Bb3 d6 9. f3 Bd7 10. h4 a6 11. h5 Nxd4 12. Bxd4 Nxh5 13. g4 Nf4 14. Bxg7 Kxg7 15. Qd2 g5 16. Nd5 h6 17. Nxf4 gxf4 18. Qxf4 Qa5+ 19. Qd2 Qxd2+ 20. Kxd2 b5 21. Rag1 f6 22. f4 Bc6 23. Ke3 e5 24. Rd1 Rad8 25. f5 Rh8 26. Rd2 Kf8 27. Be6 Be8 28. Rdh2 Kg7 29. c4 bxc4 30. Rc1 Bb5 31. a4 Bxa4 32. Rxc4 Be8 33. Rc7+ Kf8 34. Ra7 a5 35. b3 h5 36. gxh5 Rxh5 37. Rxh5 Bxh5 38. Rxa5 Be8 39. Ra7 Rb8 40. Kd2 Bc6 41. Kd3 Rb4 42. Bc4 Ke8 43. Rc7 Bd7 44. Kc3 Rb6 45. Bd5 Kd8 46. Ra7 Rb5 47. b4 Kc8 48. Be6 Bxe6 49. fxe6 Kd8 50. Rd7+ Ke8 51. Rxd6 Ke7 52. Ra6 Rb8 53. Rc6 Ra8 54. b5 Ra3+ 55. Kb4 Re3 56. Rc4 Kxe6 57. b6 Re1 58. Kb5 Kd7 59. Ka6 Ra1+ 60. Kb7 Ra3 61. Rc7+ Kd6 62. Rc6+ Kd7 63. Rxf6 Ra4 64. Rf7+ Kd8 65. Kc6 Rxe4 66. b7 1-0